Gott und das Gute

Saved in:
Bibliographic Details
Main Author: Reinhard, Slenczka
Other Authors: Harder, Richard (Translator)
Format: Book
Language:German
Published: [χ.τ.] : [χ.ό.], 1970
Subjects:
Tags: Add Tag
No Tags, Be the first to tag this record!

MARC

LEADER 00000cam a2200000 i 4500
001 1/80100
008 050706s1970 ger d
035 |l 10078937 
040 |a GR-MY-UA  |b gre  |e aacr 
041 0 |a ger 
082 0 |a 194  |2 (22) 
100 1 |a Reinhard, Slenczka. 
245 1 0 |a Gott und das Gute /  |c Reinhard Slenczka 
260 |a [χ.τ.] :   |b [χ.ό.],   |c 1970 
300 |a 22 σ.;  |c 19 εκ. 
500 |a Με: Το μέλλον του πνέυματος / Albert Camus. - Λόγος περί της μεθόδου / Ρενάτου Κατρεσίου. - Plotin Ausgewahlte Einzelschriften / Richard Harder 
650 0 0 |a God  |x History of doctrines  |y 20th century. 
650 0 0 |a Good and evil  |x History  |y 20th century. 
700 1 |a Harder, Richard.  |4 trl 
852 |a INST  |b RHODES  |c KRI  |e 20050706  |h  194 CAM  |p 005400027532  |q 005400027532  |t BK  |y 0 
901 |a BIBL4-2005-2 
909 |a Ρ  |b 111065 
970 |a ΣΙΔΕΡΗ  |b ΝΕΚΤΑΡΙΑ  |z 2005/07/06